Welcome to CU Library Online Public Access Catalogue (OPAC)

The Oxford dictionary of the Christian Church, (Record no. 1764)

MARC details
000 -LEADER
fixed length control field 00678cam a2200205 4500
001 - CONTROL NUMBER
control field 2209239
005 - DATE AND TIME OF LATEST TRANSACTION
control field 20241129141215.0
008 - FIXED-LENGTH DATA ELEMENTS--GENERAL INFORMATION
fixed length control field 740503s1974 enk bd 000 0 eng
020 ## - INTERNATIONAL STANDARD BOOK NUMBER
International Standard Book Number 0192115456
050 00 - LIBRARY OF CONGRESS CALL NUMBER
Classification number BR95
Item number .O8 1974
082 00 - DEWEY DECIMAL CLASSIFICATION NUMBER
Classification number 203
245 04 - TITLE STATEMENT
Title The Oxford dictionary of the Christian Church,
Statement of responsibility, etc. edited by F. L. Cross.
250 ## - EDITION STATEMENT
Edition statement 2d ed.,
Remainder of edition statement edited by F. L. Cross and E. A. Livingstone.
260 ## - PUBLICATION, DISTRIBUTION, ETC.
Place of publication, distribution, etc. London,
-- New York,
Name of publisher, distributor, etc. Oxford University Press,
Date of publication, distribution, etc. 1974.
300 ## - PHYSICAL DESCRIPTION
Extent xxxi, 1518 p.
Dimensions 24 cm.
650 #0 - SUBJECT ADDED ENTRY--TOPICAL TERM
Topical term or geographic name entry element Christianity
General subdivision Dictionaries.
700 1# - ADDED ENTRY--PERSONAL NAME
Personal name Cross, F. L.
Fuller form of name (Frank Leslie),
Dates associated with a name 1900-1968,
Relator term ed.
700 1# - ADDED ENTRY--PERSONAL NAME
Personal name Livingstone, Elizabeth A.,
Relator term ed.
942 ## - ADDED ENTRY ELEMENTS (KOHA)
Source of classification or shelving scheme Library of Congress Classification
Koha item type Books
Suppress in OPAC No
999 ## -
-- 1764
-- 1764

No items available.

© 2023-2024 Copyright: Central University Libraries. All Rights Reserved | Created by: Mahone Tech Office